Suboptimality of immediate annuitization in private pension schemes

Porovnanie stratégií vyplácania dôchodkov: stratégia naprogramovaného vyplatenia a stratégia okamžitého vyplatenia. Návrh na legislatívnu úpravu vyplácania dôchodkov z druhého piliera na Slovensku. Informačná asymetria

Saved in:
Bibliographic Details
Main Author: Šebo, Ján
Other Authors: Šebová, Ľubica, 1978-
Format: Book Chapter
Language:English
Subjects:
Tags: Add Tag
No Tags, Be the first to tag this record!

MARC

LEADER 00000naa a2200000 4500
001 0215572
005 20221019174004.8
041 0 |a eng 
044 |a SK 
245 1 0 |a Suboptimality of immediate annuitization in private pension schemes  |c Ján Šebo, Ľubica Šebová 
520 |a Porovnanie stratégií vyplácania dôchodkov: stratégia naprogramovaného vyplatenia a stratégia okamžitého vyplatenia. Návrh na legislatívnu úpravu vyplácania dôchodkov z druhého piliera na Slovensku. Informačná asymetria 
610 2 0 |a anuita 
610 2 0 |a fondy penzijné 
610 2 0 |a dôchodky starobné 
610 2 0 |a poistenie dôchodkové doplnkové 
610 2 0 |a zabezpečenie dôchodkové 
610 2 0 |a schémy organizačné 
100 1 |a Šebo, Ján 
700 1 |a Šebová, Ľubica, 1978-